Tratado de derecho politico según los principios de la filosofía y el derecho cristianos / (Record no. 68748)

MARC details
000 -LEADER
campo de control de longitud fija 00910nam a22002415i 4500
001 - NÚMERO DE CONTROL
campo de control 68748
003 - IDENTIFICADOR DE NÚMERO DE CONTROL
campo de control ES-MaACL
005 - FECHA Y HORA DE LA ÚLTIMA TRANSACCIÓN
campo de control 20250831023855.0
007 - CAMPO FIJO DE DESCRIPCIÓN FÍSICA--INFORMACIÓN GENERAL
campo de control de longitud fija t|
008 - DATOS DE LONGITUD FIJA--INFORMACIÓN GENERAL
campo de control de longitud fija 940202s18991902sp ||||1| spa d
040 ## - FUENTE DE CATALOGACIÓN
Centro catalogador/agencia de origen CAM
Lengua de catalogación spa
100 1# - ENTRADA PRINCIPAL--NOMBRE DE PERSONA
Nombre de persona Gil y Robles, Enrique,
Fechas asociadas al nombre 1849-1908
9 (RLIN) 56900
245 10 - MENCIÓN DEL TÍTULO
Título Tratado de derecho politico según los principios de la filosofía y el derecho cristianos /
Mención de responsabilidad, etc. por Enrique Gil y Robles.
260 ## - PUBLICACIÓN, DISTRIBUCIÓN, ETC.
Lugar de publicación, distribución, etc. Salamanca :
Nombre del editor, distribuidor, etc. [s.n.],
Fecha de publicación, distribución, etc. 1899-1902 (
Fabricante Imp. Salmanticense)
300 ## - DESCRIPCIÓN FÍSICA
Extensión 2 v. (XXIV, 515; XXVII, 907 p.) ;
Dimensiones 22 cm.
530 ## - NOTA DISPONIBLE DE FORMULARIO FÍSICO ADICIONAL
Nota de formato físico adicional disponible Disponible en formato digital.
650 #7 - PUNTO DE ACCESO ADICIONAL DE MATERIA--TÉRMINO DE MATERIA
Término de materia o nombre geográfico como elemento de entrada Derecho político
Fuente del encabezamiento o término embne
9 (RLIN) 135897
650 #4 - PUNTO DE ACCESO ADICIONAL DE MATERIA--TÉRMINO DE MATERIA
Término de materia o nombre geográfico como elemento de entrada Cristianismo y derecho.
9 (RLIN) 168475
650 07 - PUNTO DE ACCESO ADICIONAL DE MATERIA--TÉRMINO DE MATERIA
Término de materia o nombre geográfico como elemento de entrada Iglesia y Estado
Fuente del encabezamiento o término embne
9 (RLIN) 13554
852 ## - LOCALIZACIÓN
Ubicación ES-MaACL
Número de control de estantería B-5604-5
856 ## - LOCALIZACIÓN Y ACCESO ELECTRÓNICOS
Identificador Uniforme de Recursos <a href="http://bdh-rd.bne.es/viewer.vm?id=0000015474&page=1 ">http://bdh-rd.bne.es/viewer.vm?id=0000015474&page=1 </a>
Nota pública Biblioteca Digital Hispánica
Holdings
Estatus retirado Estado de pérdida Estado de daño No para préstamo Colección Biblioteca de origen Biblioteca actual Ubicación en estantería Fecha de adquisición Fuente de adquisición Total de préstamos Signatura topográfica completa Código de barras Visto por última vez Precio de reemplazo Tipo de ítem Koha
        Colección digital Biblioteca del Ateneo de Madrid Biblioteca del Ateneo de Madrid Sala Pardo Bazán 17/01/2008     B-5604-5 1071979 23/02/2023 23/02/2023 Libro impreso antiguo